LEADER 01449oam 2200409 a 450 001 9910700182103321 005 20110819133044.0 035 $a(CKB)5470000002407143 035 $a(OCoLC)747233945 035 $a(EXLCZ)995470000002407143 100 $a20110819d2011 ua 0 101 0 $aeng 135 $aurbn||||||||| 181 $ctxt$2rdacontent 182 $cc$2rdamedia 183 $acr$2rdacarrier 200 00$aConservation Reserve Enhancement Program$b[electronic resource] $eOhio - Scotio [i.e. Scioto] River Watershed 210 1$a[Washington, D.C.] :$cU.S. Dept. of Agriculture, Farm Service Agency,$d[2011] 215 $a1 online resource (2 pages) 225 1 $aFact sheet 300 $aTitle from title screen (viewed on Aug. 3, 2011). 300 $a"February 2011." 517 $aConservation Reserve Enhancement Program 606 $aAgricultural conservation$zOhio$zScioto River Watershed 606 $aConservation of natural resources$zOhio$zScioto River Watershed 606 $aEnvironmental protection$zOhio$zScioto River Watershed 615 0$aAgricultural conservation 615 0$aConservation of natural resources 615 0$aEnvironmental protection 712 02$aUnited States.$bFarm Service Agency. 801 0$bGPO 801 1$bGPO 801 2$bGPO 906 $aBOOK 912 $a9910700182103321 996 $aConservation Reserve Enhancement Program$93481002 997 $aUNINA LEADER 00869nas 22003133 450 001 9910894248703321 005 20260218113045.0 035 $a(DE-599)ZDB2740832-2 035 $a(OCoLC)857146170 035 $a(CKB)2670000000416577 035 $a(CONSER)--2013203665 035 $a(DE-599)2740832-2 035 $a(EXLCZ)992670000000416577 100 $a20130828a20139999 --- a 101 0 $aeng 181 $ctxt$2rdacontent 182 $cn$2rdamedia 183 $anc$2rdacarrier 200 00$aInternational journal of archaeology 210 1$a[New York, NY] :$cScience Publishing Group,$d2013- 300 $aRefereed/Peer-reviewed 311 08$a2330-7587 517 1 $aIJA 531 0 $aInt. j . archaeol. 676 $a930.1 906 $aJOURNAL 912 $a9910894248703321 996 $aInternational journal of archaeology$94268140 997 $aUNINA